000 01775nam a2200205 i 4500
001 98877
003 ES-MaACL
005 20250811052459.0
007 t|
008 051028m18111813sp ||||1| spa d
110 1 _aEspaña.
_bCortes de Cádiz
_93663
245 1 0 _aColeccion de los decretos y ordenes que han expedido las Cortes generales y extraordinarias desde su instalación en 24 de setiembre de 1810 hasta [14 de Setiembre de 1813] /
_cmandada publicar de orden de las mismas ; [Tomo I - IV].
260 _aCádiz ;
_aVich :
_bImprenta Real :
_bEn la del gobierno,
_c1811-[1813]
300 _a4 t. en 2 v. ;
_c21 cm.
505 8 _aContiene: T. I: Desde 24 de setiembre de 1810 hasta igual fecha de 1811 .- Cádiz : Imprenta Real y en Vich, en la del gobierno, 1811 .- (XVI, 249, [1] p. -- T. II: Dese 24 de setiembre de 1811 hasta 24 de mayo de 1812 .- Cádiz : En la Imprenta Nacional, 1813 .- XIII, 249 p, [1] p. en la que figura Vich: reimpreso por Juan Dorca, año 1813 -- T. III: Desde 24 de mayo de 1812 hasta 24 de febrero de 1813.- Impreso en Cádiz y reimpreso en Vich por Juan Dorca.- XVI, 220 p. -- Desde 24 de febrero de 1813 hasta de setiembre del mismo año....- Cádiz : impreso en Cadiz y reimpreso en Vich por Juan Dorca.- XVI, 286 p.
596 _aEl pie de imprenta cambia a partir del vol. 2: Cádiz: Imprenta Nacional ; Vich : Juan Dorca.
650 7 _aDerecho-
_zEspaña
_2
_9141531
852 _aES-MaACL
_jR-3357-58
_z.- Enc. perg.
_z.- En las portadas de los vol. anot. manuscrita: "Por Real decreto.. 1823 estos decretos quedan anulados".- El texto de la constitución de 1812 del t. II aparece tachado
_z.- Sello en port. del vol. 2º: Gefe superior politico de Cataluña
_q.- Vol. 2º deteriorado.
999 _c98877
_d98877